|
|
|
|
| LEADER |
00000nam1a2200000 4500 |
| 001 |
349880 |
| 005 |
20231102010239.0 |
| 010 |
|
|
|a 5785502399
|
| 020 |
|
|
|a RU
|b 89-20958
|
| 035 |
|
|
|a (RuTPU)RU\TPU\retro\2991
|
| 090 |
|
|
|a 349880
|
| 100 |
|
|
|a 20180920d1989 k y0rusy5003 ca
|
| 101 |
0 |
|
|a rus
|
| 102 |
|
|
|a BY
|
| 200 |
1 |
|
|a "Проектировать лучшее в человеке..."
|f А. С. Макаренко
|g [авт. коммент. Л. Ю. Гордин и др.]
|
| 210 |
|
|
|a Минск
|c Университетское
|d 1989
|
| 215 |
|
|
|a 415,[2] с.
|d 21 см
|
| 225 |
1 |
|
|a Университет - школе
|
| 320 |
|
|
|a Библиогр. в примеч.: с. 400-416
|
| 606 |
1 |
|
|a Педагогика общая
|2 stltpush
|3 (RuTPU)RU\TPU\subj\48422
|9 67292
|
| 610 |
1 |
|
|a коммунистическое воспитание
|
| 610 |
1 |
|
|a теория
|
| 610 |
1 |
|
|a практика
|
| 610 |
1 |
|
|a школа
|
| 610 |
1 |
|
|a семья
|
| 610 |
1 |
|
|a коллектив
|
| 686 |
|
|
|a Ч31
|2 rubbk
|
| 700 |
|
1 |
|a Макаренко
|b А. С.
|c российский педагог
|c писатель
|f 1888-1939
|g Антон Семенович
|2 stltpush
|3 (RuTPU)RU\TPU\pers\13261
|9 3934
|
| 702 |
|
1 |
|a Гордин
|b Л. Ю.
|4 080
|
| 801 |
|
0 |
|a RU
|b RuMRKP
|c 19950417
|g psbo
|
| 801 |
|
1 |
|a RU
|b 63413507
|c 20180920
|
| 801 |
|
2 |
|a RU
|b 63413507
|c 20180920
|g RCR
|
| 942 |
|
|
|c BK
|